| 000 | 00779nam a2200217Ia 4500 | ||
|---|---|---|---|
| 003 | GCL | ||
| 008 | 140319s9999 xx 000 0 ara d | ||
| 020 | _a9064357977 | ||
| 040 |
_aGCL / _cGCL |
||
| 082 | 0 | 4 |
_a158 _bح س |
| 100 | 1 | _aحسن عبدالفتاح الفنجرى | |
| 245 | 1 | 0 |
_aالسعادة بين علم النفس الايجابى والصحة النفسية / _cحسن عبدالفتاح الفنجرى |
| 260 |
_aالقاهرة : _bمؤسسة الاخلاص للطباعة والنشر ، _c2006 |
||
| 300 |
_a222 ص ؛ _c24 سم |
||
| 650 | 0 | 4 | _aالصحة النفسية |
| 650 | 0 | 4 | _aالسعادة |
| 650 | 0 | 4 | _aعلم النفس الايجابى |
| 650 | 0 | 4 | _aالتذوق الجمالى |
| 650 | 0 | 4 | _aالتذوق - علم نفس |
| 942 |
_2ddc _cBK |
||
| 999 |
_c8619 _d8619 |
||